La rose des Tudors /

Guardat en:
Dades bibliogràfiques
Autor principal: Fernandez, Dominique (Autor)
Format: Llibre
Idioma:francès
Publicat: Paris : Julliard, \1976!
Col·lecció:Idée fixe
Etiquetes: Afegir etiqueta
Sense etiquetes, Sigues el primer a etiquetar aquest registre!

MARC

LEADER 00000nam a22000007i 4500
001 IT\ICCU\UFI\0350654
003 ItRI
005 20260115231839.0
008 001113s1976 fr |||||| ||||| |||||c
020 |a 2260000185 
040 |b ita  |c importazione bologna sebina 
041 7 |a fre  |2 ISO-639-2 
100 1 |a Fernandez, Dominique  |0 IT\ICCU\CFIV\000738  |4 aut 
245 1 3 |a La rose des Tudors /  |c Dominique Fernandez. 
260 |a Paris :  |b Julliard,  |c \1976! 
300 |a 128 p. ;  |c 20 cm. 
830 0 |a Idée fixe  |0 IT\ICCU\UFI\0350655 
942 |2 ddc  |c BK  |n 0 
952 |0 0  |1 0  |4 0  |6 DOC_843_914000000000000_FER  |7 0  |9 14127  |a BO  |b BO  |d 2026-01-15  |i 1507  |l 0  |o DOC 843.914 FER  |p BO1507  |r 2026-01-15 23:18:39  |w 2026-01-15  |x [Sebina 5] [1 v.]  |y BK  |z 1 v. 
999 |c 12184  |d 12184